| 000 | 00000nam 2200000zi 4500 |
| 001 | 9.925095 |
| 003 | CaOODSP |
| 005 | 20240201150916 |
| 006 | m o d f |
| 007 | cr ||||||||||| |
| 008 | 230717t20232023qucb o f00| 0 eng d |
| 020 | |a9780660495156 |
| 040 | |aCaOODSP|beng|erda|cCaOODSP |
| 043 | |an-cn-nk |
| 086 | 1 |aR64-611/2023E-PDF |
| 245 | 00|aBoishébert and Beaubears Island Shipbuilding National Historic Sites of Canada : |bmanagement statement. |
| 264 | 1|a[Gatineau, QC] : |bParks Canada = Parcs Canada, |c2023. |
| 264 | 4|c©2023 |
| 300 | |a1 online resource (vi, 6 pages) : |bmap |
| 336 | |atext|btxt|2rdacontent |
| 337 | |acomputer|bc|2rdamedia |
| 338 | |aonline resource|bcr|2rdacarrier |
| 500 | |aIssued also in French under title: Lieux historiques nationaux du Canada de Boishébert et de la ConstructionNavale-à-l’Île-Beaubears : énoncé de gestion. |
| 650 | 0|aHistoric sites|zNew Brunswick|xManagement. |
| 651 | 0|aBoishébert National Historic Site (N.B.)|xManagement. |
| 651 | 0|aBeaubears Island Shipbuilding National Historic Site, J. Leonard O'Brien Memorial (N.B.)|xManagement. |
| 710 | 2 |aParks Canada, |eissuing body. |
| 775 | 08|tLieux historiques nationaux du Canada de Boishébert et de la Construction Navale-à-l’Île-Beaubears : |w(CaOODSP)9.925098 |
| 776 | 0#|tBoishébert and Beaubears Island Shipbuilding National Historic Sites of Canada management statement.|w(CaOODSP)9.925097 |
| 856 | 40|qPDF|s2.53 MB|uhttps://publications.gc.ca/collections/collection_2024/pc/R64-611-2023-eng.pdf |
| 856 | 4 |qHTML|sN/A|uhttps://parks.canada.ca/lhn-nhs/nb/boishebert/info/enonce-statement |